1895 1397 1488 1738 1371 1573 1213 1969 1234 1373 1710 1780 1214 1504 1112 1885 1130 1984 1222 1051 1709 1908 1924 1869 1421 1751 1349 1118 1994 1624 1019 1112 1791 1768 1818 1606 1443 1447 1389 1526 1558 1942 1807 1470 1684 1906 1602 1853 1113 1405 1439 1457 1525 1250 1220 1725 1052 1686 1727 1659 1249 1112 1582 1243 1585 1627 1661 1908 1988 1099 1933 1987 1490 1844 1829 1627 1066 1929 1705 1345 1822 1315 1054 1667 1379 1250 1591 1296 1910 1297 1642 1816 1664 1357 1918 1660 1674 1221 1196 BCNSPRNW ULIB Ver.6.0+V

เปลี่ยนเป็นภาษาไทย

Change to English
 แสดงรายละเอียดบรรณานุกรม
  กลับหน้าหลัก

Brief Record : Get Marc (ISO 2709) : E-mail record : QR code < ปิดหน้าต่าง
LEADER : 00000nam 2200000uu 4500
001    13399108310
003     ULIB
008    110228s2552||||th 000 0 tha d
020    9789745925731
060 04 WY152^bว343ก 2552
100 0  วลัยพร นันท์ศุภวัฒน์
245 10 การพยาบาลผู้สูงอายุ :^bความท้าทายกับภาวะประชากรสูงอายุ /^cวลัยพร นันท์ศุภวัฒน์
250    พิมพ์ครั้งที่ 2
260    มหาสารคาม :^bโครงการตำราทางการพยาบาล คณะพยาบาลศาสตร์มหาวิทยาลัยมหาสารคาม,^c2552
300    [14], 335 หน้า :^bภาพประกอบ ;^c26 ซม.
650  7 การพยาบาลผู้สูงอายุ
650  7 ผู้สูงอายุ^xการดูแล
650  7 วัยชรา^xการพยาบาล
650  7 เวชศาสตร์ผู้สูงอายุ
710 2  มหาวิทยาลัยมหาสารคาม. ^bคณะพยาบาลศาสตร์
945    ^p250^l0^i025456
945    ^p250^l0^i025457
945    ^p250^l0^i025458
945    ^p250^l0^i025459
945    ^p250^l0^i025460
945    ^p250^l0^i025461
945    ^p250^l0^i025889
945    ^p250^l0^i025890
945    ^p250^l0^i026203
945    ^p250^l0^i026204
945    ^p250^l0^i026205
995    ทศพร
999 ^a ใช้งานได้ทุกระบบ
รายการนี้ยังไม่มีแท็ก
คุณยังไม่ได้ล็อกอิน คุณสามารถมีกิจกรรมร่วมกับเว็บไซต์ได้ แต่ต้องล็อกอินก่อน ::
  ล็อกอิน

รายการสื่อสารสนเทศ

ลำดับที่ ประเภท เลขเรียก/บาร์โค้ด สถานที่ สถานะ
- ไม่พบข้อมูล -

รายการใกล้เคียง
    ผู้แต่ง [วลัยพร นันท์ศุภวัฒน์]

    หัวเรื่อง [การพยาบาลผู้สูงอายุ]
    หัวเรื่อง [ผู้สูงอายุ การดูแล]
    หัวเรื่อง [เวชศาสตร์ผู้สูงอายุ]

BibComment


ยังไม่เคยถูกคอมเมนท์

คอมเมนท์ทรัพยากรรายการนี้
  คอมเมนท์: การพยาบาลผู้สูงอา..


 Copyright 2026. Bcnsprnw @Library